000 02018cam a22004814i 4500
003 PE-LiUPU
005 20250731184542.0
008 150623s1978 nyua r 000 0 eng d
020 _a0805003851
035 _a(Sirsi) i9780805003857
040 _aPE-LiUPU
_bspa
_cPE-LiUPU
_erda
049 _aPRUA
082 0 4 _a920
_bW79
_221
100 1 _aWoods, Donald,
_d1933-,
_eautor.
245 1 0 _aBiko :
_brevised and updated edition /
_cDonald Woods.
264 1 _aNew York, New York :
_bHenry Holt and Company,
_c1978.
300 _a418 páginas :
_bilustraciones ;
_c21 centímetros
336 _atext
_2rdacontent
337 _aunmediated
_2rdamedia
338 _avolume
_2rdacarrier
505 0 _aThe background: The white settlers -- The black response. Steve Biko's predecessors -- The rise of black consciousness -- My own white worlk -- The man: My introduction to Steve Biko -- Our first encounter -- We become friends -- Some personal memories. Living in a Police state -- His point of view. Arguments and discussions -- The trial. The killing: Response to the tragedy -- I am banneed. The Inquest: The scene -- The thirteen days. The finding -- The indictment.
526 _aP136
526 _aP135
526 _aP134
526 _aP133
526 _aP144
526 _aP143
526 _aP87
526 _aP35
526 _aP20
526 _aP14
526 _aP10
526 _aP06
600 1 _aBiko, Stephen.
_d1946-1977
650 0 4 _aPrisioneros Políticos
_xBiografías
_zSudáfrica.
651 _aSudáfrica
_xRelaciones raciales.
942 _2ddc
_cBOOK
949 _a920 W79
_wDEWEY
_c1
_i51030
_lCCODEBUL1
_mBUL
_p10.00
_r0
_sY
_tBOOK
_u2015-6-24
_xTEOLOGIA
_PP35
_0COMPRA
_o.STAFF. Colección General
994 _aC0
_bPEPRU
596 _a1
999 _a920 W79
_wDEWEY
_c32718
_i51030
_f2021-11-8
_g5
_lCCODEBUL1
_mBUL
_p10.00
_r0
_sY
_tBOOK
_u2015-6-24
_xBIBLIOTECA
_PP35
_0COMPRA
_o.STAFF. Colección Teología
_d32718
980 _81
_gALBERTO SANCHEZ Responsable de Automatización